[Event "Calvia Amateur op 8th"]
[Site "Calvia"]
[Date "2011.10.16"]
[Round "9"]
[White "Donovan, Linton"]
[Black "Svitek, Volker"]
[Result "1-0"]
[WhiteElo "2262"]
[BlackElo "2099"]
[PlyCount "57"]
[EventDate "2011.10.08"]
[EventType "swiss"]
[EventRounds "9"]
[EventCountry "ESP"]
[SourceTitle "CBM 144 Extra"]
[Source "ChessBase"]
[SourceDate "2011.10.28"]
[SourceVersion "1"]
[SourceVersionDate "2011.10.28"]
[SourceQuality "1"]

1. e4 c5 2. Nc3 Nc6 3. f4 g6 4. Nf3 Bg7 5. Bb5 d6 6. Bxc6+ bxc6 7. d3 Nf6 8. 0-0 Nd7 9. Qe1 f6 10. Bd2 0-0 11. b3 e5 12. Rd1 h6 13. Qg3 Qe8 14. Nh4 Kh7 15. f5 g5 16. Nf3 Kg8 17. h4 Kf7 18. Kf2 Ke7 19. Rh1 Rh8 20. Rh3 Nb6 21. Rdh1 Bd7 22. hxg5 hxg5 23. Nxg5 fxg5 24. Bxg5+ Kf7 25. Rxh8 Bxh8 26. Rh7+ Kg8 27. Rxh8+ Kxh8 28. Bf6+ Kh7 29. Qg7# 1-0

[Event "Calvia Amateur op 8th"]
[Site "Calvia"]
[Date "2011.10.15"]
[Round "8"]
[White "Hallerod, Ralph"]
[Black "Donovan, Linton"]
[Result "1/2-1/2"]
[WhiteElo "2122"]
[BlackElo "2262"]
[PlyCount "104"]
[EventDate "2011.10.08"]
[EventType "swiss"]
[EventRounds "9"]
[EventCountry "ESP"]
[SourceTitle "CBM 144 Extra"]
[Source "ChessBase"]
[SourceDate "2011.10.28"]
[SourceVersion "1"]
[SourceVersionDate "2011.10.28"]
[SourceQuality "1"]

1. d4 Nf6 2. c4 c5 3. e3 g6 4. Nc3 Bg7 5. g3 cxd4 6. exd4 d5 7. cxd5 Nxd5 8. Bg2 Be6 9. Nge2 Nc6 10. 0-0 0-0 11. Be3 Rc8 12. Qd2 Nxc3 13. Nxc3 Bxd4 14. Bxc6 Bxe3 15. Qxd8 Rfxd8 16. Bxb7 Rb8 17. fxe3 Rxb7 18. Rf2 Rbd7 19. b4 Rd3 20. Nb5 Bd7 21. Nc7 Bh3 22. Rb2 Rxe3 23. a4 Rf3 24. b5 Rd6 25. Rf2 Ra3 26. Rfa2 Rd1+ 27. Rxd1 Rxa2 28. Nd5 e5 29. b6 axb6 30. Nxb6 e4 31. Re1 f5 32. Rc1 e3 33. Nd5 Rg2+ 34. Kh1 e2 35. Ne3 Rf2 36. Kg1 Rf3 37. Ng2 Rd3 38. Ne1 Ra3 39. Rc4 Kg7 40. Kf2 Bg4 41. Rb4 Kf6 42. Kg2 Ke5 43. Rb7 Rxa4 44. h3 Bh5 45. Rxh7 Kd4 46. Kf2 Rc4 47. Rh8 Rc3 48. Rd8+ Ke4 49. Rh8 Ke5 50. Rh7 Kf6 51. Ra7 Ke5 52. Rh7 Kf6 1/2-1/2

[Event "Calvia Amateur op 8th"]
[Site "Calvia"]
[Date "2011.10.08"]
[Round "1"]
[White "Donovan, Linton"]
[Black "Kopischke, Maik"]
[Result "1-0"]
[WhiteElo "2262"]
[BlackElo "1902"]
[PlyCount "125"]
[EventDate "2011.10.08"]
[EventType "swiss"]
[EventRounds "9"]
[EventCountry "ESP"]
[SourceTitle "CBM 144 Extra"]
[Source "ChessBase"]
[SourceDate "2011.10.28"]
[SourceVersion "1"]
[SourceVersionDate "2011.10.28"]
[SourceQuality "1"]

1. e4 d6 2. d4 Nf6 3. Nc3 g6 4. f3 Bg7 5. Be3 c6 6. Qd2 Qa5 7. Bc4 b5 8. Bb3 Nbd7 9. Nge2 c5 10. a3 c4 11. Ba2 Bb7 12. d5 0-0 13. 0-0 Rac8 14. Nd4 a6 15. Qf2 Ne5 16. Nc6 Qc7 17. Bb6 Qd7 18. Nb4 Nh5 19. f4 Ng4 20. Qf3 a5 21. Bxa5 Bd4+ 22. Kh1 Ra8 23. Nc6 Bxc6 24. dxc6 Qxc6 25. Qxg4 Rxa5 26. Nd5 Ra7 27. c3 Bc5 28. Qh4 Qd7 29. Rae1 e6 30. Qxh5 f5 31. Qe2 exd5 32. exd5 Qf7 33. Qe6 Qxe6 34. Rxe6 Rff7 35. Rfe1 Kf8 36. Re8+ Kg7 37. Bb1 Kf6 38. R8e6+ Kg7 39. g3 Rf6 40. R6e2 Rff7 41. Kg2 Kf8 42. Re8+ Kg7 43. Kf3 Kf6 44. R8e6+ Kg7 45. h3 Kf8 46. Re8+ Kg7 47. g4 fxg4+ 48. hxg4 Rf8 49. R8e6 Raf7 50. f5 gxf5 51. Bxf5 Rxf5+ 52. gxf5 Rxf5+ 53. Kg4 Rxd5 54. Re7+ Kf8 55. Rxh7 Rd2 56. Ree7 Rxb2 57. Ref7+ Kg8 58. Rfg7+ Kf8 59. Rb7 Kg8 60. Rhg7+ Kf8 61. Rgf7+ Ke8 62. Rh7 Rg2+ 63. Kh3 1-0

[Event "BEL-chT 1011"]
[Site "Belgium"]
[Date "2011.03.27"]
[Round "11.3"]
[White "Donovan, Linton"]
[Black "Henris, Luc"]
[Result "1-0"]
[WhiteElo "2301"]
[BlackElo "2248"]
[PlyCount "55"]
[EventDate "2010.09.26"]
[EventType "team-tourn"]
[EventRounds "11"]
[EventCountry "BEL"]
[SourceTitle "EXT 2012"]
[Source "ChessBase"]
[SourceDate "2011.11.24"]
[SourceVersion "1"]
[SourceVersionDate "2011.11.24"]
[SourceQuality "1"]
[WhiteTeam "KBSK Brugge"]
[BlackTeam "Namur"]
[WhiteTeamCountry "BEL"]
[BlackTeamCountry "BEL"]

1. e4 e5 2. Bc4 Nf6 3. d3 c6 4. Bb3 d5 5. Nf3 Bd6 6. exd5 Nxd5 7. 0-0 0-0 8. Re1 Re8 9. Bg5 f6 10. c4 Bb4 11. Re4 Nc7 12. c5+ Nd5 13. Rxb4 fxg5 14. Re4 Na6 15. d4 exd4 16. Rxe8+ Qxe8 17. Qxd4 g4 18. Ne5 Be6 19. Nc3 Nxc3 20. Qxc3 Kh8 21. Re1 Bd5 22. Nxg4 Qh5 23. Nf6 gxf6 24. Qxf6+ Kg8 25. Re5 Qf7 26. Rg5+ Kf8 27. Qd6+ Qe7 28. Rf5+ 1-0

[Event "BEL-chT 1011"]
[Site "Belgium"]
[Date "2011.02.06"]
[Round "8.3"]
[White "Horvath, Adam"]
[Black "Donovan, Linton"]
[Result "1-0"]
[WhiteElo "2501"]
[BlackElo "2301"]
[PlyCount "189"]
[EventDate "2010.09.26"]
[EventType "team-tourn"]
[EventRounds "11"]
[EventCountry "BEL"]
[SourceTitle "EXT 2012"]
[Source "ChessBase"]
[SourceDate "2011.11.24"]
[SourceVersion "1"]
[SourceVersionDate "2011.11.24"]
[SourceQuality "1"]
[WhiteTeam "Eynatten"]
[BlackTeam "KBSK Brugge"]
[WhiteTeamCountry "BEL"]
[BlackTeamCountry "BEL"]

1. e4 e6 2. d4 d5 3. Nc3 Bb4 4. e5 c5 5. a3 Ba5 6. b4 cxd4 7. Nb5 Bc7 8. f4 Ne7 9. Nf3 a6 10. Nbxd4 Bd7 11. c3 Nbc6 12. Be3 Nxd4 13. Nxd4 Bb6 14. a4 Nf5 15. Nxf5 exf5 16. Bxb6 Qxb6 17. Qd4 Qc6 18. Bd3 Rc8 19. Ra3 0-0 20. 0-0 f6 21. exf6 Rxf6 22. Rd1 Be8 23. Be2 Bf7 24. Bf3 Rd6 25. h3 Qd7 26. Kh2 h6 27. Raa1 Rc4 28. Qe5 Qe6 29. Rd4 Rxc3 30. Rxd5 Qxe5 31. Rxe5 Rc4 32. b5 Rxf4 33. Bxb7 axb5 34. a5 Rdd4 35. a6 Ra4 36. Ree1 Ba2 37. Rxa2 Rxa2 38. Bd5+ Kh7 39. Bxa2 Ra4 40. Be6 Rxa6 41. Bxf5+ Kg8 42. Re8+ Kf7 43. Rb8 Kf6 44. Rxb5 Ra3 45. Be4 Rc3 46. Rb6+ Kf7 47. Bd5+ Ke7 48. Rg6 Kf8 49. Rg3 Rc5 50. Rf3+ Ke8 51. Bf7+ Ke7 52. Bb3 Ke8 53. Rf7 Rc3 54. Rxg7 Rxb3 55. Rg6 h5 56. Rg5 h4 57. Rg4 Kf7 58. Rxh4 Kg6 59. Rc4 Kg5 60. Rc5+ Kg6 61. h4 Kh6 62. g3 Kg6 63. Kh3 Kh6 64. Re5 Ra3 65. Kg4 Ra4+ 66. Kf3 Rb4 67. Re4 Rb6 68. g4 Rf6+ 69. Kg3 Ra6 70. Kf4 Rf6+ 71. Ke5 Rf1 72. Ra4 Re1+ 73. Kf5 Rf1+ 74. Ke5 Re1+ 75. Kf6 Rf1+ 76. Ke7 Kg7 77. Re4 Ra1 78. Ke6 Kg6 79. Re5 Ra4 80. h5+ Kg7 81. Kf5 Ra7 82. g5 Rf7+ 83. Kg4 Rf1 84. Re7+ Kf8 85. Ra7 Rb1 86. h6 Kg8 87. Kh5 Rb8 88. Rg7+ Kh8 89. Rf7 Kg8 90. g6 Rb5+ 91. Kg4 Rb4+ 92. Kg5 Rb5+ 93. Rf5 Rb8 94. h7+ Kg7 95. Rf7+ 1-0

[Event "BEL-chT 1011"]
[Site "Belgium"]
[Date "2010.11.21"]
[Round "4.4"]
[White "Donovan, Linton"]
[Black "De Haan, Eric"]
[Result "1/2-1/2"]
[WhiteElo "2300"]
[BlackElo "2345"]
[PlyCount "112"]
[EventDate "2010.09.26"]
[EventType "team-tourn"]
[EventRounds "11"]
[EventCountry "BEL"]
[SourceTitle "EXT 2012"]
[Source "ChessBase"]
[SourceDate "2011.11.24"]
[SourceVersion "1"]
[SourceVersionDate "2011.11.24"]
[SourceQuality "1"]
[WhiteTeam "KBSK Brugge"]
[BlackTeam "Borgerhout"]
[WhiteTeamCountry "BEL"]
[BlackTeamCountry "BEL"]

1. e4 c5 2. c3 Nf6 3. e5 Nd5 4. d4 cxd4 5. Nf3 e6 6. cxd4 d6 7. a3 Bd7 8. Bd3 Bc6 9. 0-0 Nd7 10. b4 a6 11. Nbd2 Nc3 12. Qb3 Rc8 13. Qxc3 Bxf3 14. Qb2 Bd5 15. Ne4 Bxe4 16. Bxe4 d5 17. Bd3 Be7 18. Be3 Nb6 19. Qe2 0-0 20. Qg4 Re8 21. Bh6 Bf8 22. Bg5 Be7 23. Bh6 Bf8 24. Bg5 Be7 25. Bh6 g6 26. Rfc1 Nc4 27. Qe2 b5 28. g3 Rc6 29. h4 Qb6 30. Qg4 Bf8 31. Bxf8 Rxf8 32. h5 Qa7 33. Kg2 Rfc8 34. Qf4 Qe7 35. Rh1 g5 36. Qf3 h6 37. Ra2 Nb6 38. Bb1 Rc3 39. Qe2 Nc4 40. Rc2 Rxc2 41. Bxc2 Nxa3 42. Bh7+ Kxh7 43. Qd3+ Kg7 44. Qxa3 Rc4 45. Qxa6 Qxb4 46. Qb6 Rc2 47. Rf1 g4 48. Kg1 Qc4 49. Qd8 Qxd4 50. Qf6+ Kg8 51. Qd8+ Kh7 52. Qe7 Kg8 53. Qd8+ Kh7 54. Qe7 Kg7 55. Qf6+ Kg8 56. Qd8+ Kh7 1/2-1/2

[Event "BEL-chT 1011"]
[Site "Belgium"]
[Date "2010.10.10"]
[Round "2.4"]
[White "Claesen, Pieter"]
[Black "Donovan, Linton"]
[Result "1/2-1/2"]
[WhiteElo "2367"]
[BlackElo "2300"]
[PlyCount "64"]
[EventDate "2010.09.26"]
[EventType "team-tourn"]
[EventRounds "11"]
[EventCountry "BEL"]
[SourceTitle "EXT 2012"]
[Source "ChessBase"]
[SourceDate "2011.11.24"]
[SourceVersion "1"]
[SourceVersionDate "2011.11.24"]
[SourceQuality "1"]
[WhiteTeam "Fontaine"]
[BlackTeam "KBSK Brugge"]
[WhiteTeamCountry "BEL"]
[BlackTeamCountry "BEL"]

1. c4 Nf6 2. Nc3 e5 3. Nf3 Nc6 4. d4 exd4 5. Nxd4 Bc5 6. Nxc6 bxc6 7. g3 d5 8. Bg2 Be6 9. cxd5 cxd5 10. Qa4+ Bd7 11. Qc2 c6 12. 0-0 Bb4 13. e4 Bxc3 14. Qxc3 0-0 15. exd5 cxd5 16. Qd4 h6 17. Bf4 Qb6 18. Be5 Qxd4 19. Bxd4 Ne4 20. Rfd1 Be6 21. Rac1 a6 22. Rc6 Rfc8 23. Rdc1 Rxc6 24. Rxc6 Rc8 25. Rxc8+ Bxc8 26. Kf1 f6 27. Ke2 Kf7 28. Kd1 Ke7 29. Kc2 Kd6 30. Kb3 Bg4 31. Be3 Be2 32. Bxe4 dxe4 1/2-1/2